000 02415nab a2200313 a 4500
005 20251210064103.0
008 991125c2016 sp tr p o 000 0 spa d
035 _aUPN01000208135
040 _a MX-MxUPN
_bspa
_cMX-MxUPN
_eaacr2
049 _aART-E
100 1 _aFajardo, Inmaculada
100 1 _aVillalta, Ester
100 1 _aSalmerón, Ladislao
100 1 _uLadislao.Salmeron@uv.es
245 1 0 _a¿Son realmente tan buenos los nativos digitales? Relación entre las habilidades digitales y la lectura digital
506 0 _aAcceso abierto
520 3 _aLa competencia en la lectura digital consiste en la comprensión, uso, reflexión y disfrute de los textos escritos con el fin de conseguir nuestros objetivos, desarrollar nuestro conocimiento y potencial, y participar en nuestra sociedad. En la actualidad se considera que los “nativos digitales”, aquellos estudiantes que desde la infancia han crecido rodeados de las tecnologías de la información, poseen las habilidades digitales básicas (usar el ratón, el navegador, ...) necesarias para desarrollar la competencia en la lectura digital. En el presente estudio ponemos a prueba esta visión, a partir de un estudio en el que estudiantes de 5º de Primaria y 3º de Secundaria realizaron una serie de tareas de lectura digital. Los estudiantes completaron asimismo varias pruebas objetivas para medir sus habilidades digitales básicas, así como si nivel de competencia lectora en papel. Los resultados mostraron que los estudiantes no sólo presentaban dificultades en numerosas habilidades digitales básicas, si no que éstas estaban relacionadas directamente con el éxito en tareas de lectura digital. Para concluir, se reflexiona sobre la necesidad de considerar la instrucción en las habilidades digitales básicas como parte de los esfuerzos actuales por mejorar la competencia en la lectura digital
650 4 _aComprensión lectora
_91537
650 4 _aEducación primaria
_91552
650 7 _aEducación secundaria
_94281
653 0 _aHabilidades digitales
653 0 _aLectura digital
773 _gVol. 32, no. 1 (2016), p. 89-97
_tAnales de psicología = Annals of psychology
_x1695-2294
856 4 _uhttps://revistas.um.es/analesps/article/view/analesps.32.1.185571
856 4 _uhttps://doi.org/10.6018/analesps.32.1.185571
902 _aGloria Jiménez/080925
905 _aArticulo
942 _cART-E
999 _c180236
_d180236